000 00481nam a22001811c 4500
001 a987677387
008 161012s rus d
041 _arus
100 1 _aPašuto, Vladimir T.
245 0 0 _aAleksandr Nevskij /
_cVladimir Pašuto
264 _aMoskva [u.a.] :
_bMolodaja Gvardija [u.a.],
_c[2016]
300 _a: Ill
650 0 _aNevskij, Aleksandr <1220-1236>
942 _cMG
040 _cRU-10907106
003 RU-10907106
999 _c5263
_d5263
490 0 _a̋Zizn̈ zamečatel̈nych ljudej
_v542